000 00790cab a2200241 4500
001 ABS54755
008 090401t1996 xxu||||| |||| 00| 0 eng d
035 _a(Sirsi) u12152
041 _aeng
100 _aBurfoot, P.
245 _aLease guarantees after Hindcastle
260 _c1996
350 _a0
490 _aSolicitors` Journal
_v29 March 1996, 302-303(2)
520 _aDiscusses "Hindcastle v Barbara Attenborough Associates Ltd" HL 23 February 1996, the liability of guarantors and disclaimers in instances where landlords do not assume possession.
650 _aDISCLAIMERS
650 _aHINDCASTLE V BARBARA ATTENBOROUGH ASSOCIATES LTD
650 _aSTACEY V HILL
650 _aSURETIES
690 _aLandlord and tenant
_96252
942 _n0
948 _c04/03/1997
999 _c7777
_d7777